Culture Générale - Clic Quiz - La réponse est un phénomène météo - Statistiques

Statistiques générales
  • Ce quiz a été pris 169 fois
  • Le résultat moyen est 12 sur 20
Statistiques - réponses
Hint Réponse % Correct
Cloud en anglais Nuage
90%
A entraîné une surmortalité de 15 000 personnes en France durant l'été 2003 Canicule
82%
Coiffant ou douche Gel
82%
Joe Dassin le chante dans un 45 tours sortie en 1975 Été indien
78%
Son oeil est une zone de vents calmes et de temps clément siégeant en général au centre de sa circulation Cyclone
76%
Immense tube datant de 1986 interprétée par Stéphanie de Monaco Ouragan
71%
Société américaine de développement et d'édition de jeux vidéo siégeant en Californie : "... Entertainment" Blizzard
68%
Le plus célèbre est celui d'Atlantique Nord, plus connu sous les noms de Bermudes aux États-Unis et Açores en Europe et Afrique Anticyclone
64%
Points blancs sur un écran de télévision, en l'absence d'émission captée Neige
64%
On est dedans quand on est à la mode Vent
62%
Ravage Wisteria Lane dans l'épisode 9, saison 4 de Desperate Housewives Tornade
57%
Appelé willy-willie en Australie et dust devil aux États-Unis Tourbillon de poussière
55%
Se dit d’une voix, d’un son aigu et faible Grêle
54%
Elle crée une agitation exagérée autour d'un sujet pas important lorsqu'elle se produit dans un verre d'eau Tempête
53%
De canard (à cuisiner) Mousson
42%
De coeur, du style ou intime Sécheresse
34%
D'Enfer dans le titre d'un film d'action sorti en 1998 avec Morgan Freeman et Christian Slater à l'affiche Pluie
32%
Le 1er juin 2015, sur le fleuve Yangtze, aurait fait chavirer l’Étoile de l'Orient durant la nuit et fait 442 morts Trombe Marine
32%
Nom d'une série télévisée française de 144 épisodes diffusée sur France 2 de 2007 à 2011 et sur France O de 2011 à 2019 Foudre
29%
Compléte cette citation de William Shakespeare : "L'amour, c'est le soleil après la pluie, et la luxure, c'est .... après le soleil. Orage
26%
Aucun quiz correspondant
Distribution des résultats
% des personnes avec chaque résultat
Percentile par nombre de réponses
Votre historique - résultats
Vous n’avez pas pris ce quiz